[Event "SVK-chT3A2 1617"]
[Site "Slovakia"]
[Date "2017.02.19"]
[Round "9.1"]
[White "Pericka, Pavol"]
[Black "Hornak, Pavol"]
[Result "1/2-1/2"]
[WhiteElo "1822"]
[BlackElo "1780"]
[PlyCount "152"]
[EventDate "2016.10.16"]
[EventType "team-tourn"]
[EventRounds "11"]
[EventCountry "SVK"]
[SourceTitle "EXT 2020"]
[Source "ChessBase"]
[SourceDate "2019.10.17"]
[SourceVersion "1"]
[SourceVersionDate "2019.10.17"]
[SourceQuality "1"]
[WhiteTeam "Senica CVC"]
[BlackTeam "Cifer"]
[WhiteTeamCountry "SVK"]
[BlackTeamCountry "SVK"]

1. e4 c5 2. Bc4 e6 3. Qe2 Nc6 4. Nf3 Na5 5. Nc3 Nxc4 6. Qxc4 a6 7. a4 d6 8. d4 cxd4 9. Nxd4 Bd7 10. 0-0 Rc8 11. Qe2 Be7 12. Nf3 Qc7 13. Bf4 e5 14. Be3 Nf6 15. Rfc1 0-0 16. h3 h6 17. Nh2 Be6 18. Ng4 Nxg4 19. hxg4 Qd7 20. f3 Qc6 21. g3 Rfe8 22. Kg2 d5 23. exd5 Bxd5 24. Nxd5 Qxd5 25. Rd1 Qc4 26. Rd2 Qxe2+ 27. Rxe2 Bc5 28. Bd2 Red8 29. Bc3 f6 30. Rae1 b5 31. axb5 axb5 32. b3 Ba3 33. Ba5 Rd5 34. Ra1 b4 35. Bb6 Rd6 36. Be3 Bb2 37. Ra2 Bc3 38. Kf2 Rdd8 39. Bc1 Rd1 40. Bb2 Rcd8 41. Bxc3 bxc3 42. Ke3 Rg1 43. Ra7 Rdd1 44. Rc7 Rxg3 45. Rxc3 Rf1 46. Rf2 Re1+ 47. Kd2 Rgg1 48. Kd3 Rd1+ 49. Rd2 Rdf1 50. Ke4 Kf7 51. Rcd3 Kg6 52. c4 Re1+ 53. Kd5 Ra1 54. Rc2 Ra8 55. c5 Rd8+ 56. Kc4 Rb8 57. b4 e4 58. fxe4 Rxg4 59. Rd4 Kf7 60. b5 f5 61. exf5 Rxd4+ 62. Kxd4 Rxb5 63. Kd5 Kf6 64. Rg2 h5 65. Rg6+ Kxf5 66. Rxg7 h4 67. Kd6 Rb3 68. c6 Rd3+ 69. Ke7 Rc3 70. Kd7 Rd3+ 71. Ke7 Rc3 72. c7 h3 73. Kd8 Rd3+ 74. Rd7 Rc3 75. c8Q Rxc8+ 76. Kxc8 Kg4 1/2-1/2

[Event "SVK-chT2A 1617"]
[Site "Slovakia"]
[Date "2017.01.21"]
[Round "7.7"]
[White "Pericka, Pavol"]
[Black "Hrubsa, Marian"]
[Result "0-1"]
[WhiteElo "1797"]
[BlackElo "1836"]
[PlyCount "60"]
[EventDate "2016.10.08"]
[EventType "team-tourn"]
[EventRounds "11"]
[EventCountry "SVK"]
[SourceTitle "EXT 2018"]
[Source "ChessBase"]
[SourceDate "2017.10.13"]
[SourceVersion "1"]
[SourceVersionDate "2017.10.13"]
[SourceQuality "1"]
[WhiteTeam "Osuske II"]
[BlackTeam "Skalica"]
[WhiteTeamCountry "SVK"]
[BlackTeamCountry "SVK"]

1. e4 e6 2. d4 d5 3. exd5 exd5 4. Nf3 Bd6 5. Bg5 Ne7 6. Bd3 0-0 7. 0-0 f6 8. Be3 c6 9. Nh4 Qe8 10. Re1 g5 11. Nf3 Qh5 12. h3 Kh8 13. Nh2 Qf7 14. Nd2 Rg8 15. Ng4 Qg7 16. Qf3 f5 17. Ne5 f4 18. c3 Bxe5 19. dxe5 fxe3 20. Rxe3 Nd7 21. Rae1 Nc5 22. Bc2 Rf8 23. Qh5 Nf5 24. Rf3 Be6 25. b4 Nd7 26. h4 Nxh4 27. Rg3 h6 28. Nf1 Rf4 29. Ne3 Raf8 30. f3 Bf7 0-1

[Event "SVK-chT4 A21 1617"]
[Site "Slovakia"]
[Date "2017.01.15"]
[Round "7.3"]
[White "Pericka, Pavol"]
[Black "Wallner, Juraj"]
[Result "1/2-1/2"]
[WhiteElo "1822"]
[BlackElo "1536"]
[PlyCount "92"]
[EventDate "2016.10.09"]
[EventType "team-tourn"]
[EventRounds "11"]
[EventCountry "SVK"]
[SourceTitle "EXT 2018"]
[Source "ChessBase"]
[SourceDate "2017.10.13"]
[SourceVersion "1"]
[SourceVersionDate "2017.10.13"]
[SourceQuality "1"]
[WhiteTeam "Brezova pod Bradlom"]
[BlackTeam "Stefanov"]
[WhiteTeamCountry "SVK"]
[BlackTeamCountry "SVK"]

1. e4 c5 2. Bc4 e6 3. Qe2 Nc6 4. Nf3 Be7 5. c3 d5 6. exd5 exd5 7. Bb5 Nf6 8. Ne5 Bd7 9. Nxd7 Qxd7 10. 0-0 0-0 11. d3 Rfe8 12. Bf4 a6 13. Ba4 b5 14. Bc2 d4 15. Qf3 Bd6 16. Bxd6 Qxd6 17. Nd2 Ne5 18. Qg3 Nh5 19. Qg5 Nf6 20. Rae1 dxc3 21. bxc3 Nxd3 22. Re3 Nf4 23. Ne4 Nxe4 24. Bxe4 Rab8 25. Rfe1 Ng6 26. h4 Kf8 27. h5 h6 28. Qf5 Re5 29. Qf3 Nh8 30. Rd1 Qf6 31. Qh3 Rbe8 32. Rf3 Qg5 33. Bc6 Re1+ 34. Rxe1 Rxe1+ 35. Kh2 Qe5+ 36. g3 Qc7 37. Bd5 Re5 38. c4 f6 39. Be6 Nf7 40. Rd3 Ng5 41. Rd7 Qxd7 42. Bxd7 Nxh3 43. Kxh3 Rxh5+ 44. Kg2 b4 45. f4 Ke7 46. Bc6 g5 1/2-1/2

[Event "SVK-chT3A2 1617"]
[Site "Slovakia"]
[Date "2017.01.08"]
[Round "6.1"]
[White "Dobis, Pavol"]
[Black "Pericka, Pavol"]
[Result "0-1"]
[WhiteElo "1614"]
[BlackElo "1822"]
[PlyCount "64"]
[EventDate "2016.10.16"]
[EventType "team-tourn"]
[EventRounds "11"]
[EventCountry "SVK"]
[SourceTitle "EXT 2020"]
[Source "ChessBase"]
[SourceDate "2019.10.17"]
[SourceVersion "1"]
[SourceVersionDate "2019.10.17"]
[SourceQuality "1"]
[WhiteTeam "Modranka Komplet"]
[BlackTeam "Senica CVC"]
[WhiteTeamCountry "SVK"]
[BlackTeamCountry "SVK"]

1. d4 d5 2. c4 c6 3. e3 Nd7 4. Nf3 Ngf6 5. Nc3 Qc7 6. cxd5 Nxd5 7. Bd2 e5 8. Bc4 Nxc3 9. Bxc3 exd4 10. Qxd4 f6 11. Qe4+ Be7 12. Qe6 Ne5 13. Bxe5 Bxe6 14. Bxc7 Bb4+ 15. Nd2 Bxc4 16. a3 Bxd2+ 17. Kxd2 Rc8 18. Ba5 b6 19. Bc3 Bb3 20. Rhc1 Kf7 21. Ke1 Rhd8 22. Bd2 c5 23. Rc3 c4 24. Rac1 Rc5 25. Ke2 Rcd5 26. Be1 a5 27. e4 Rd4 28. f3 Ke6 29. Kf1 Rd1 30. Rxd1 Rxd1 31. Re3 Rb1 32. Re2 c3 0-1

[Event "SVK-chT3A2 1617"]
[Site "Slovakia"]
[Date "2016.12.11"]
[Round "5.1"]
[White "Pericka, Pavol"]
[Black "Bartos, Bohumil"]
[Result "1/2-1/2"]
[WhiteElo "1822"]
[BlackElo "1660"]
[PlyCount "76"]
[EventDate "2016.10.16"]
[EventType "team-tourn"]
[EventRounds "11"]
[EventCountry "SVK"]
[SourceTitle "EXT 2020"]
[Source "ChessBase"]
[SourceDate "2019.10.17"]
[SourceVersion "1"]
[SourceVersionDate "2019.10.17"]
[SourceQuality "1"]
[WhiteTeam "Senica CVC"]
[BlackTeam "Skalica II"]
[WhiteTeamCountry "SVK"]
[BlackTeamCountry "SVK"]

1. e4 c5 2. Bc4 Nc6 3. Nf3 d6 4. Nc3 a6 5. a4 Nf6 6. h3 e6 7. d3 Be7 8. Ne2 0-0 9. 0-0 d5 10. exd5 exd5 11. Ba2 h6 12. c3 Bd6 13. Nf4 Bxf4 14. Bxf4 Be6 15. Re1 Re8 16. d4 c4 17. Bb1 Qd7 18. Ne5 Nxe5 19. Rxe5 Ne4 20. Bxe4 dxe4 21. Rxe4 Bd5 22. Re3 Rxe3 23. Bxe3 Qf5 24. Qg4 Qxg4 25. hxg4 Re8 26. Re1 Re6 27. f3 Kh7 28. Kf2 Rb6 29. Rb1 Rf6 30. Rh1 Rb6 31. Bc1 Kg6 32. Rh5 Rd6 33. Re5 Bc6 34. Rc5 Bd5 35. Bf4 Rd7 36. Bc7 Kf6 37. Be5+ Kg6 38. Bc7 Kf6 1/2-1/2

[Event "SVK-chT4 A21 1617"]
[Site "Slovakia"]
[Date "2016.11.06"]
[Round "3.3"]
[White "Pericka, Pavol"]
[Black "Miciak, Emanuel"]
[Result "0-1"]
[WhiteElo "1822"]
[BlackElo "1849"]
[PlyCount "68"]
[EventDate "2016.10.09"]
[EventType "team-tourn"]
[EventRounds "11"]
[EventCountry "SVK"]
[SourceTitle "CBM 175 Extra"]
[Source "ChessBase"]
[SourceDate "2016.12.12"]
[SourceVersion "1"]
[SourceVersionDate "2016.12.12"]
[SourceQuality "1"]
[WhiteTeam "Brezova pod Bradlom"]
[BlackTeam "Vrbove"]
[WhiteTeamCountry "SVK"]
[BlackTeamCountry "SVK"]

1. e4 c5 2. Bc4 Nc6 3. Nf3 d6 4. h3 Nf6 5. d3 e6 6. 0-0 Be7 7. c3 0-0 8. Be3 Bd7 9. Nbd2 Na5 10. e5 Nd5 11. exd6 Bxd6 12. Bg5 f6 13. Bh4 Qc7 14. Ne4 Bf4 15. Bg3 Bxg3 16. Nxg3 Nxc4 17. dxc4 Nf4 18. Ne2 Bc6 19. Nxf4 Qxf4 20. Qe2 e5 21. Nd2 Rfd8 22. Rad1 b6 23. f3 Rd7 24. Ne4 Rad8 25. Rxd7 Rxd7 26. Rd1 Rxd1+ 27. Qxd1 Bxe4 28. fxe4 Qxe4 29. Qd5+ Qxd5 30. cxd5 c4 31. b3 b5 32. Kf2 Kf7 33. g4 g6 34. Ke3 f5 0-1

[Event "SVK-chT4 A21 1617"]
[Site "Slovakia"]
[Date "2016.10.23"]
[Round "2.3"]
[White "Vagovic, Milan"]
[Black "Pericka, Pavol"]
[Result "0-1"]
[WhiteElo "1667"]
[BlackElo "1822"]
[PlyCount "90"]
[EventDate "2016.10.09"]
[EventType "team-tourn"]
[EventRounds "11"]
[EventCountry "SVK"]
[SourceTitle "CBM 175 Extra"]
[Source "ChessBase"]
[SourceDate "2016.12.12"]
[SourceVersion "1"]
[SourceVersionDate "2016.12.12"]
[SourceQuality "1"]
[WhiteTeam "Chtelnica Kamenar"]
[BlackTeam "Brezova pod Bradlom"]
[WhiteTeamCountry "SVK"]
[BlackTeamCountry "SVK"]

1. d4 d5 2. c4 c6 3. Nc3 dxc4 4. a4 e5 5. Nf3 exd4 6. Qxd4 Qxd4 7. Nxd4 Bc5 8. e3 Bxd4 9. exd4 Be6 10. Ne4 b6 11. Nd6+ Ke7 12. Nxc4 Nf6 13. Be3 Na6 14. Ne5 Nb4 15. Rc1 Rac8 16. Bd2 Nfd5 17. Bc4 Rhe8 18. 0-0 Kf8 19. f4 f6 20. Nd3 a5 21. Nf2 Bf5 22. g4 Bd7 23. f5 Ne3 24. Rfe1 Nxc4 25. Rxe8+ Rxe8 26. Rxc4 Nd5 27. Rc2 Ne3 28. Rc1 g6 29. fxg6 hxg6 30. h3 g5 31. b4 Nd5 32. bxa5 Re2 33. Be1 bxa5 34. Bxa5 Ra2 35. Rb1 Rxa4 36. Bb6 Nxb6 37. Rxb6 Rxd4 38. Rb1 c5 39. Rd1 Rxd1+ 40. Nxd1 Bc6 41. Kf2 Ke7 42. Kg3 Kd6 43. h4 gxh4+ 44. Kxh4 Ke5 45. Ne3 Kf4 0-1

[Event "SVK-chT4 A21 1617"]
[Site "Slovakia"]
[Date "2016.10.09"]
[Round "1.3"]
[White "Pericka, Pavol"]
[Black "Musaev, Matej Elbek"]
[Result "1-0"]
[WhiteElo "1822"]
[BlackElo "1722"]
[PlyCount "73"]
[EventDate "2016.10.09"]
[EventType "team-tourn"]
[EventRounds "11"]
[EventCountry "SVK"]
[SourceTitle "CBM 175 Extra"]
[Source "ChessBase"]
[SourceDate "2016.12.12"]
[SourceVersion "1"]
[SourceVersionDate "2016.12.12"]
[SourceQuality "1"]
[WhiteTeam "Brezova pod Bradlom"]
[BlackTeam "Piestany Kupele II"]
[WhiteTeamCountry "SVK"]
[BlackTeamCountry "SVK"]

1. e4 c5 2. Bc4 d6 3. Nc3 Nf6 4. h3 a6 5. a4 e6 6. Qe2 Nc6 7. Nf3 Be7 8. 0-0 0-0 9. d3 Re8 10. e5 dxe5 11. Nxe5 Nd4 12. Qd1 Bd6 13. Nf3 Bd7 14. Bg5 h6 15. Bxf6 Qxf6 16. Nxd4 Qxd4 17. Ne4 Bc7 18. c3 Qe5 19. f4 Qf5 20. g4 Qg6 21. Nxc5 Bb6 22. d4 Bc6 23. Bd3 f5 24. Qb3 Bxc5 25. dxc5 Bd5 26. Qc2 Rad8 27. c4 Bc6 28. Rad1 Rd7 29. b4 Rc7 30. b5 Bd7 31. c6 bxc6 32. b6 Rb7 33. c5 Ra8 34. a5 Bc8 35. Bc4 Kf8 36. Rd8+ Ke7 37. Rfd1 1-0

[Event "SVK-chT2A 1516"]
[Site "Slovakia"]
[Date "2015.10.17"]
[Round "1.7"]
[White "Pericka, Pavol"]
[Black "Briestenska, Andrea"]
[Result "1/2-1/2"]
[WhiteElo "1790"]
[BlackElo "1979"]
[PlyCount "56"]
[EventDate "2015.10.17"]
[EventType "team-tourn"]
[EventRounds "11"]
[EventCountry "SVK"]
[SourceTitle "CBM 169 Extra"]
[Source "ChessBase"]
[SourceDate "2015.12.18"]
[SourceVersion "1"]
[SourceVersionDate "2015.12.18"]
[SourceQuality "1"]
[WhiteTeam "Osuske II"]
[BlackTeam "Bratislava Slovan IV"]
[WhiteTeamCountry "SVK"]
[BlackTeamCountry "SVK"]

1. e4 d6 2. Bc4 Nf6 3. d4 Bg4 4. Qd3 Nbd7 5. Qb3 e6 6. f3 Bh5 7. Qxb7 Rb8 8. Qxa7 Nxe4 9. fxe4 Qh4+ 10. Kf1 Qf6+ 11. Nf3 Bxf3 12. gxf3 Qxf3+ 13. Kg1 Qg4+ 14. Kf2 Qxe4 15. Re1 Qh4+ 16. Ke2 d5 17. Bd3 Bd6 18. Nd2 Qxh2+ 19. Kd1 0-0 20. Nf3 Qg2 21. Be2 Qf2 22. Qa6 Nf6 23. Qd3 Kh8 24. Be3 Qg3 25. Rg1 Qh3 26. Ng5 Qf5 27. Rh1 Qxd3+ 28. Bxd3 h6 1/2-1/2

[Event "SVK-chT4 A21 1516"]
[Site "Slovakia"]
[Date "2015.10.04"]
[Round "1.6"]
[White "Husek, Lubomir"]
[Black "Pericka, Pavol"]
[Result "1-0"]
[WhiteElo "1904"]
[BlackElo "1799"]
[PlyCount "59"]
[EventDate "2015.10.04"]
[EventType "team-tourn"]
[EventRounds "11"]
[EventCountry "SVK"]
[SourceTitle "CBM 170 Extra"]
[Source "ChessBase"]
[SourceDate "2016.02.25"]
[SourceVersion "1"]
[SourceVersionDate "2016.02.25"]
[SourceQuality "1"]
[WhiteTeam "Holic"]
[BlackTeam "Brezova pod Bradlom"]
[WhiteTeamCountry "SVK"]
[BlackTeamCountry "SVK"]

1. e4 e5 2. Nf3 Nc6 3. Bb5 a6 4. Ba4 Nf6 5. 0-0 Be7 6. Re1 0-0 7. c3 d5 8. exd5 Qxd5 9. Bxc6 Qxc6 10. Nxe5 Qd6 11. d4 Be6 12. Nd2 Rad8 13. Ndf3 Ng4 14. Bf4 Qb6 15. Nxg4 Bxg4 16. Rxe7 Qf6 17. Bg5 Bxf3 18. Bxf6 Bxd1 19. Rxd1 gxf6 20. Rxc7 Rfe8 21. Kf1 b5 22. Re1 Kf8 23. Rxe8+ Rxe8 24. Rc6 Re6 25. Rxe6 fxe6 26. Ke2 Ke7 27. Ke3 Kd6 28. Ke4 h6 29. g4 a5 30. f4 1-0